=LDR 00000nam 2200000 4500 =001 INLIS000000000020599 =005 20130612115540 =008 ***********************************Ind** =035 ##$$0010-061300000020599 =041 ##$$a Ind =082 ##$$a 650.1 =090 ##$$a 650.1, Sai d =100 ##$$a Saidi, Wahyu =245 ##$$a Dokter gila jualan bakmi tebet, Wahyu Saidi =260 ##$$a 2005 $b Ciputat =300 ##$$a xvii, 110 hlm, ilus, 18 cm =650 ##$$a Bisnis =850 ##$$a NBPNMAT